| 000 | 00606nam a22002057a 4500 | ||
|---|---|---|---|
| 999 |
_c12986 _d12986 |
||
| 003 | AR-CdUCM | ||
| 008 | 190410b ||||| |||| 00| 0 spa d | ||
| 040 |
_aMUNICIPALIDAD PROVINCIAL DEL CUSCO _cBIBLIOTECA MUNICIPAL DEL CUSCO |
||
| 082 |
_a818.44 / _bT96 |
||
| 100 |
_aTwain, Mark _9733 |
||
| 245 | _aPríncipe y mendigo / | ||
| 260 |
_aMéxico : _bEditorial Diana, _c1953. |
||
| 300 |
_a302 paginas ; _c20 cm. |
||
| 505 | _aContenido :Novela / | ||
| 650 |
_aLiteratura Estadounidense _931137 |
||
| 650 |
_aNovela _95 |
||
| 650 |
_aSiglo XIX _9971 |
||
| 942 |
_2ddc _cLIBROS |
||
| 945 |
_arjall _d2019-04-10 |
||